000 006460000a22002410004500
003 LK-CoMWRAF
005 20231120103952.0
008 230817t1997 ||||| |||| 00| 0 eng d
020 _a0070523797
040 _aLK-CoMWRAF
_dLK-CoMWRAF
_eLK-CoMWRAF
041 _aeng
082 _a305.42
_bFEM
245 _aFeminist Frontiers IV
260 _aNew York:
_bMcGraw-Hill,
_c1997
300 _a xiv, 561 pages ; 24 cm
650 _aCROSS-CULTURAL STUDIES
650 _aFEMINISM
650 _aSex role-United States
700 _aRichardson, Laurel
_ecomp.
700 _aTailor, Verta
_ecomp.
700 _aWhittier, Nancy
_ecomp.
942 _cBK
999 _c335
_d335